000 00808nam a2200241 i 4500
001 C2-0144549
003 PPAK
005 20180727130330.0
008 980118s1978 cau |||| ||||| | eng d
020 _a0803910754
040 _aPPAK
_beng
_cPPAK
_erda
082 0 4 _a361.1
_223
090 0 0 _a361.1
_bEVA
_dR
245 0 0 _aEvaluation studies review annual
250 _aCook, Thomas D. ... [et. al.]
264 1 _aBeverly Hills, California :
_bSage Publications ,
_c1978
300 _a783 pages ;
_c22 cm
336 _2rdacontent
_atext
337 _2rdamedia
_aunmediated
338 _2rdacarrier
_avolume
650 1 0 _aEvaluation research (Social action programs) - Periodicals ; Social sciences - Methodology - Periodicals ; Social sciences - Research - United States - Periodicals
942 _ddc
_cB
999 _c45480
_d45480